[Event "24th Abu Dhabi Masters"]
[Site "Abu Dhabi UAE"]
[Date "2017.08.21"]
[Round "8.18"]
[White "Fawzy, Adham"]
[Black "Maghsoodloo, Parham"]
[Result "1-0"]
[WhiteElo "2422"]
[BlackElo "2590"]
[Annotator "Ravot,Sylvain"]
[PlyCount "59"]
[EventDate "2017.??.??"]
[Source "ChessBase"]

1. e4 g6 2. d4 Bg7 3. Nc3 d6 4. f4 a6 5. Nf3 b5 6. Bd3 Nd7 7. e5 Bb7 8. O-O c5
9. Ng5 Qb6 10. Be4 Bxe4 11. Ncxe4 d5 12. Nc3 e6 13. Be3 cxd4 14. Bxd4 Qc6 15.
a4 b4 {Le jeune MI égyptien va se lancer dans une attaque à combinaisons.} 16.
Nb5 $3 axb5 17. axb5 Qb7 18. Rxa8+ Qxa8 19. f5 $1 Nxe5 $1 {Bonne défense !} (
19... gxf5 20. Qh5 Nh6 21. Nxe6 $18) 20. fxe6 f6 $1 21. Bxe5 fxe5 22. Rf7 {
gagne !} Bf8 23. Nxh7 $2 ({Il fallait commencer par} 23. Qf1 $142 Bc5+ 24. Kh1
Ne7 (24... Be7 25. Rf8+ Bxf8 26. Qf7+ Kd8 27. Qd7#) 25. Nxh7 {transposait dans
la partie}) 23... Bc5+ 24. Kh1 Ne7 $2 {Manque une défense difficile.} (24...
Be7 $1 $11) 25. Qf1 $18 {Maintenant c'est fini pour les Noirs !} Nf5 26. b6 $1
Qc6 27. b7 Ba7 28. Qxf5 $3 {Une belle conclusion !} (28. Nf6+ Kd8 29. Rd7+ $2
Qxd7 30. Nxd7 Ng3#) 28... gxf5 29. Nf6+ Kd8 30. e7+ (30. e7+ Kc7 31. e8=Q+ Kb6
32. Qxh8 $18) 1-0

[Event "44th La Roda Open 2017"]
[Site "La Roda ESP"]
[Date "2017.04.15"]
[Round "6.3"]
[White "Antal, Gergely"]
[Black "Vorobiov, Evgeny E"]
[Result "0-1"]
[WhiteElo "2523"]
[BlackElo "2584"]
[Annotator "Ravot,Sylvain"]
[PlyCount "56"]
[EventDate "2017.??.??"]
[Source "ChessBase"]

1. e4 c5 2. Nf3 e6 3. b3 Nc6 4. Bb2 d5 5. exd5 exd5 6. Bb5 Nf6 7. O-O Be7 8.
Ne5 Qc7 9. Re1 O-O 10. h3 Ne4 11. Bxc6 bxc6 12. d3 {Diagramme [#] Que jouer ?}
Nxf2 $3 {Les Noirs seraient-ils vraiment en position pour sacrifier une pièce ?
} 13. Kxf2 Bh4+ 14. g3 (14. Kg1 $5 Bxe1 15. Qxe1 Re8 16. Qh4 $1 Bxh3 $1 17.
Qxh3 Rxe5 18. Qg3 d4 19. Nd2 Qe7 $11) 14... f6 $1 {La pointe.} 15. gxh4 (15.
Ng4 Qxg3+ 16. Kf1 Bxg4 $19) 15... fxe5+ 16. Kg2 e4 $1 17. Re3 (17. dxe4 Qf4 $40
) 17... d4 $1 18. Rxe4 Bxh3+ $3 {Diagramme [#]} 19. Kxh3 {Quelle est la pointe
noire ?} Rf2 $1 {Le Roi blanc ne peut plus reculer.} 20. Qh1 (20. Qg1 Rf3+ 21.
Kg4 Raf8 $19) 20... Raf8 21. Nd2 {Forcé} Qd7+ 22. Kg3 Qd6+ 23. Kh3 Rxd2 24.
Rae1 {Que jouer ?} Rf3+ $1 25. Qxf3 (25. Kg4 Qg3+ 26. Kh5 Qg6#) 25... Rh2+ 26.
Kg4 Qg6+ 27. Kf4 Rxh4+ 28. Ke5 Rh5+ {Splendide !} (28... Rh5+ 29. Qxh5 Qf6# {
une position finale élégante}) 0-1

[Event "4th Shamkir Chess 2017"]
[Site "Shamkir"]
[Date "2017.04.24"]
[Round "4"]
[White "Kramnik, Vladimir"]
[Black "Harikrishna, Pentala"]
[Result "1-0"]
[WhiteElo "2811"]
[BlackElo "2755"]
[Annotator "Ravot,Sylvain"]
[PlyCount "83"]
[EventDate "2017.??.??"]
[EventCountry "AZE"]
[Source "ChessBase"]

1. e4 e5 2. Nf3 Nc6 3. Bb5 a6 4. Ba4 Nf6 5. O-O Be7 6. d3 (6. Re1 {est le coup
principal}) 6... b5 7. Bb3 d6 8. a3 O-O 9. Nc3 Nb8 $5 {Pour faire participer
le pion c7.} (9... Bg4) (9... Bb7) (9... Na5) 10. Ne2 Nbd7 11. c3 Bb7 12. Ng3
c5 13. Re1 Rc8 14. Nf5 c4 15. dxc4 Bxe4 16. Nxe7+ (16. Nxd6 Bxd6 17. Qxd6 bxc4)
16... Qxe7 17. cxb5 axb5 18. Bg5 Nc5 19. Ba2 h6 20. Bh4 g5 21. Bg3 (21. Nxg5 $6
hxg5 22. Bxg5 Kg7 (22... Bg6) 23. b4 Nd3 24. Rxe4 Nxf2 25. Bxf6+ Qxf6 $19)
21... Bh7 22. Qe2 Kg7 23. Rad1 (23. Qxb5 Nd3 24. Re2 Rb8 $17) 23... Nfe4 24.
Rd5 $5 f5 {Diagramme [#] Que jouer ? Les Noirs menacent f4 mais aussi Fg8.} 25.
Rxe5 $3 {Sacrifice de Tour !!} (25. Nxe5 f4 $1 $17) (25. Bxe5+ dxe5 26. Rxe5
Qf6 $19) 25... dxe5 26. Bxe5+ Nf6 {Que jouer ?} 27. Qxb5 $1 {Créant 3 pions
passé liés. Kramnik va combiner jeu sur les 2 ailes.} Nce4 28. Bd4 {Stabilise
le Fou.} Rfd8 29. h3 Rb8 30. Qe2 Bg8 {Que jouer ?} 31. Bb1 $1 Qb7 32. b4 (32.
Qe3 {Stockfish}) 32... Re8 33. c4 Qc6 (33... Nc3 34. Bxf6+ Kxf6 35. Qb2 Rxe1+
36. Nxe1 $18) 34. Qb2 Rbd8 35. c5 Qe6 {Que jouer ?} 36. b5 Kf8 $2 (36... Qb3
$142 37. Qa1 $1 $13 Kg6 38. b6 $13 {avec un jeu incertain mais où les Blancs
ont probablement les meilleures chances !}) 37. c6 $1 $18 {maintenant c'est
gagnant !} g4 38. hxg4 fxg4 39. Bxe4 gxf3 (39... Nxe4 40. Rxe4 Qxe4 41. Bg7+
Ke7 42. Qf6#) 40. Bxf6 Rd6 41. Bg7+ Kf7 42. Be5 {Magnifique partie de Kramnik.}
(42. Be5 Rdd8 (42... Qxe5 43. Bg6+ Kf6 44. Rxe5 Rxe5 45. gxf3 Ke6 46. Be4 $18)
43. c7 (43. Bxf3 $18) 43... Rd7 44. Bxf3 $18 (44. b6 $18)) 1-0

[Event "Chinese Chess League"]
[Site "China"]
[Date "2017.11.04"]
[Round "18.1"]
[White "Bai, Jinshi"]
[Black "Ding, Liren"]
[Result "0-1"]
[WhiteElo "2585"]
[BlackElo "2759"]
[PlyCount "64"]
[EventDate "2017.??.??"]
[Source "ChessBase"]
[WhiteClock "0:00:58"]
[BlackClock "0:22:44"]

1. d4 Nf6 2. c4 e6 3. Nc3 Bb4 4. Nf3 O-O 5. Bg5 c5 6. e3 cxd4 7. Qxd4 (7. exd4
d5) 7... Nc6 8. Qd3 $146 h6 9. Bh4 d5 10. Rd1 g5 11. Bg3 Ne4 12. Nd2 Nc5 13.
Qc2 d4 14. Nf3 e5 $1 15. Nxe5 {Que jouer ?} (15. Be2 Qf6 $19 16. a3 Bf5 17. Qc1
Nb3) 15... dxc3 $1 16. Rxd8 cxb2+ 17. Ke2 $2 (17. Rd2 {était nécessaire} Rd8
18. Nf3 Bg4 (18... g4 19. Qxb2 gxf3 20. Qxb4 $1 $18) 19. Qxb2 Bxf3 ({pas le
temps pour} 19... Rd7 20. a3 Ba5 21. Be2 Rad8 22. O-O Rxd2 23. Nxd2 Rxd2 24.
Qxd2 Bxd2 25. Bxg4) ({meilleur est} 19... Ne4 {mais} 20. Qxb4 $1 Nxb4 21. Rb2
Nc3 $1 22. Be2 Nd3+ 23. Bxd3 Rxd3 24. O-O) 20. gxf3 Rxd2 21. Qxd2 Bxd2+ 22.
Kxd2 Rd8+ 23. Ke2 Rd3 24. f4 $13) 17... Rxd8 18. Qxb2 Na4 $1 19. Qc2 Nc3+ 20.
Kf3 {Que jouer ?} (20. Ke1 Ne4+ 21. Ke2 Rd2+ 22. Qxd2 Nxd2 $19) 20... Rd4 $3 {
Diagramme [#] La brillante pointe du jeu noir ! La chasse au Roi est ouverte.
Ding va jouer parfaitement jusqu'à la fin.} 21. h3 h5 22. Bh2 g4+ 23. Kg3 {Que
jouer ?} (23. hxg4 hxg4+ {est similaire}) 23... Rd2 $1 24. Qb3 (24. Qxd2 Ne4+)
24... Ne4+ 25. Kh4 (25. Kf4 Rxf2+ 26. Nf3 gxf3 $19) 25... Be7+ 26. Kxh5 Kg7 $1
{Plusieurs coups gagnaient mais c'est le plus élégant. Idée Th8.} 27. Bf4 Bf5
28. Bh6+ Kh7 29. Qxb7 Rxf2 30. Bg5 {Dans l'ancien temps le maître aurait
annoncé mat en 7 coups !} Rh8 $1 31. Nxf7 (31. Qxc6 Kg8+ 32. Qh6 (32. Bh6 Ng3#)
32... Rxh6+ 33. Kxh6 Bxg5+ 34. Kh5 f6 $1 35. hxg4 Ng3#) 31... Bg6+ 32. Kxg4 (
32. Kh4 Kg8+ 33. Nxh8 Bxg5+ 34. Kxg4 Ne5# {élégant !}) 32... Ne5+ $1 (32...
Ne5+ 33. Nxe5 (33. Kh4 Kg8+ 34. Nxh8 (34. Nh6+ Rxh6#) 34... Bxg5#) 33... Bf5+
34. Kh5 Kg7+ 35. Bh6+ Rxh6# {Quelle partie !}) 0-1

[Event "Aeroflot Open A 2017"]
[Site "Moscow RUS"]
[Date "2017.02.28"]
[Round "8.35"]
[White "Alekseenko, Kirill"]
[Black "Svane, Rasmus"]
[Result "1/2-1/2"]
[WhiteElo "2588"]
[BlackElo "2570"]
[Annotator "Ravot,Sylvain"]
[PlyCount "101"]
[EventDate "2017.02.21"]
[Source "ChessBase"]

1. e4 e6 2. d4 d5 3. Nc3 Nf6 4. e5 Nfd7 5. f4 c5 6. Nf3 Nc6 7. Be3 Be7 8. Qd2
a6 9. a3 (9. Be2 {principal}) 9... O-O (9... b5) 10. dxc5 Nxc5 11. Qf2 b6 12.
b4 f6 $1 {Svane met le feu.} (12... Nd7 13. Bd3 $14) 13. bxc5 bxc5 14. Bxc5 Qa5
15. Bd4 fxe5 16. Nxe5 (16. fxe5 Rxf3 $1 17. gxf3 Bc5 18. Bxc5 Qxc3+ 19. Qd2
Qxa1+ $17) 16... Nxd4 17. Qxd4 Rxf4 $1 18. Nc6 $1 (18. Qxf4 Qxc3+ 19. Ke2 Bf6
$1) 18... Bc5 $1 19. Qe5 $1 (19. Nxa5 Bxd4 20. Kd2 Rf2+ 21. Kd3 $2 e5 $17)
19... Bd6 20. Nxa5 $2 (20. Qxg7+ Kxg7 21. Nxa5 Be5 22. Kd2 Rf2+ 23. Kd3 $13)
20... Bxe5 21. Kd2 Rf2+ 22. Kd3 Bf4 (22... Bd7 $142) 23. Rd1 (23. Be2) 23...
Bd7 24. Be2 Rc8 25. Bg4 (25. Rhf1 e5 26. Nxd5 Bf5#) 25... Be5 26. Ne2 Rxg2 27.
h3 h5 $1 28. Bf3 (28. Bxh5 Bb5+ 29. c4 (29. Ke3 Rxc2) 29... dxc4+ 30. Ke3 c3)
28... Rf2 29. Ke3 Rxf3+ $1 (29... Rh2 30. Rxh2 Bxh2 31. c4 $14) 30. Kxf3 Rxc2 {
Joue avec une Tour de moins !} 31. Nb3 Ra2 32. Ned4 Ba4 33. Rde1 $1 Bf6 34.
Rxe6 Rxa3 35. Re3 $1 Ra2 36. Rhe1 Bd7 37. R3e2 $2 (37. Ne6 $16) 37... Ra3 38.
Kg2 a5 {Les Cavaliers, dans le "vide", sont en péril !} 39. Rd2 a4 40. Nc5
Bxh3+ 41. Kh2 {Les Blancs n'ont plus de pion !} Bg4 42. Nb5 Rh3+ 43. Kg2 a3 44.
Re8+ (44. Rxd5 a2) 44... Kh7 45. Ra8 Be5 46. Rxd5 Rh2+ 47. Kg1 Bf3 48. Rxe5
Rh1+ 49. Kf2 Bxa8 50. Nxa3 h4 51. Ne4 {Les joueurs font la paix !} (51. Ne4
Bxe4 52. Rxe4 g5 53. Nc4 Kg6 54. Ne3 $11) 1/2-1/2

[Event "U.S. Championships Men 2017"]
[Site "Saint Louis"]
[Date "2017.04.07"]
[Round "9"]
[White "Xiong, Jeffery"]
[Black "So, Wesley"]
[Result "0-1"]
[WhiteElo "2674"]
[BlackElo "2822"]
[Annotator "Sylvain Ravot"]
[PlyCount "62"]
[EventDate "2017.??.??"]
[EventCountry "USA"]
[Source "ChessBase"]

1. d4 Nf6 {[%csl Gf6][%cal Ge7e6,Gd7d5]} 2. c4 (2. Bg5 g6) 2... e6 3. g3 d5 4.
Bg2 Be7 5. Nf3 O-O 6. O-O {[%csl Ge7,Gf6,Gf8,Gg8]} dxc4 7. Qc2 (7. Ne5 {[%csl
Yb8,Yc8]} Nc6 {[%csl Gc6]}) 7... a6 8. a4 (8. Qxc4 b5 9. Qc2 Bb7) 8... Bd7 9.
Rd1 Bc6 {[%csl Gc6]} 10. Nc3 {[%csl Gc6][%cal Ge2e4]} Bxf3 11. Bxf3 Nc6 {[%csl
Gb4]} 12. Bxc6 bxc6 {[%csl Yc4,Yc6,Yc7]} 13. Bg5 Rb8 14. e3 c5 $5 (14... a5 {
est le coup principal}) 15. dxc5 Qe8 16. Rd4 Nd7 17. Bxe7 Qxe7 18. c6 Ne5 19.
Qe4 Qc5 20. Nd5 Nd3 $1 (20... exd5 $2 21. Qxe5) 21. Nxc7 Nxf2 $3 {Fantastique
sacrifice de So !} (21... Rxb2 22. Rxc4 Nxf2 23. Qxh7+ Kxh7 24. Rxc5 $11) 22.
Kxf2 Rxb2+ 23. Kf1 $1 (23. Kg1 $2 Qh5 24. Qh4 Qe2 $19) 23... Qh5 24. Qg4 Qxh2
25. Qf3 {Ca a l'air de tenir ?!} c3 $1 {Mais ce pion vient en renfort !} 26.
Rc1 e5 $1 {Et celui-ci aussi !! Un coup inattendu.} 27. Rh4 (27. Rd7 e4 $1 $19
{La pointe !}) (27. Rc4 Rfb8 $1 (27... Rd8 28. Nd5 $11 Rxd5 $2 29. c7 $18) 28.
Nd5 (28. R4xc3 e4) 28... Rf2+ $1 29. Qxf2 Qh1+ 30. Qg1 Qxd5 31. R4xc3 Rb2 $19)
27... Qd2 28. Rd1 {Que jouer ?} Rd8 $1 {La pointe !!} (28... c2 $2 29. Rxd2 $18
) 29. Nd5 (29. Rxd2 Rdxd2 $19 {[%cal Gb2b1,Gc3c2,Gc2c1]}) 29... Rxd5 30. Rd4
Rxd4 $1 (30... exd4 $4 31. c7 $18 {[%cal Gf3a8]} Rc5 32. Qa8+) 31. exd4 Qxd1+ {
Et une dernière pointe pour la route ! Splendide partie du champion U.S. 2017.}
(31... Qxd1+ $1 32. Qxd1 c2 33. Qe1 Rb1 34. c7 Rxe1+ 35. Kxe1 c1=Q+) 0-1

[Event "Altibox Norway Chess 2017"]
[Site "Stavanger"]
[Date "2017.06.10"]
[Round "4"]
[White "Aronian, Levon"]
[Black "Carlsen, Magnus"]
[Result "1-0"]
[WhiteElo "2793"]
[BlackElo "2832"]
[Annotator "MF Sylvain Ravot"]
[PlyCount "69"]
[EventDate "2017.??.??"]
[EventCountry "NOR"]
[Source "ChessBase"]

1. d4 d5 2. c4 c6 3. Nf3 Nf6 4. Nc3 e6 {Défense Semi-Slave} 5. e3 (5. Bg5 {est
l'autre grand coup}) 5... a6 $5 (5... Nbd7 6. Bd3 (6. Qc2 {anti-Méran}) 6...
dxc4 7. Bxc4 b5 8. Bd3 {variante de Meran}) 6. b3 {permet de jouer bxc4.} (6.
Bd3 dxc4 7. Bxc4 b5 8. Bd3 c5 {est satisfaisant}) (6. Qc2 c5 $5 7. cxd5 exd5 8.
Be2 Nc6) (6. c5 $5 Nbd7 7. b4 b6 8. Bb2 a5 9. a3) 6... Bb4 {Force Fd2.} 7. Bd2
(7. Bb2 Ne4 8. Qc2 Qa5) 7... Nbd7 8. Bd3 O-O 9. O-O Qe7 (9... Bd6 {le coup
principal}) 10. Bc2 $1 $146 {Aronian avait analysé ce coup en 2003 !!} (10. Qc2
{coup principal} e5 11. dxe5 Nxe5 12. Nxe5 Qxe5 13. cxd5 cxd5 14. Ne2 Bd6 $1
15. Ng3 Qg5 16. f4 Qh4) (10. Qe1 $5) 10... Rd8 (10... e5 $6 11. Nxd5 $1 cxd5
12. Bxb4 Qxb4 13. dxe5 Ng4 (13... Ne8 14. cxd5 $16) 14. Qd4 $1 Nh6 15. cxd5 $16
) (10... Bd6 11. e4 Nxe4 12. Nxe4 dxe4 13. Bxe4 $14 {avec un petit avantage
typique.}) (10... b6 $5) 11. a3 $3 {Toujours la préparation d'Aronian.} Bxa3 (
11... Bd6 12. e4 $14) (11... Ba5 $2 12. Nxd5 $1) 12. Rxa3 $1 {La pointe du
coup précédent.} Qxa3 13. c5 $1 {Ennuie fortement la Da3. Les Blancs ont
sacrifié une qualité et un pion. La position est complexe.} b6 (13... Qa5 $2
14. Nxd5 $18 {et la Dame ne revient même pas.}) (13... h6 {sur un coup lambda,
la Dame serait perdue :} 14. Nb1 Qa2 15. Bb4 $1 a5 16. Nc3 Qb2 17. Na4 Qa2 18.
Bb1 Qa1 19. Bh7+) (13... b5 $5) 14. b4 $1 (14. Nb1 {ne fonctionnait plus très
bien.} Qa2 15. Bb4 bxc5 16. dxc5 (16. Nc3 Qxc2 17. Qxc2 cxb4 18. Na4 a5 19.
Qxc6 Ba6 $15 {Compensations intéressantes pour les Noirs !}) 16... Rb8 17. Nc3
Qb2 18. Na4 Qa2 19. Bb1 Qxa4 20. bxa4 Rxb4 $44) 14... Ne4 (14... Qb2 $1 $11 {
Le coup de l'ordinateur !}) (14... Qxb4 15. Nxd5 Qc4 16. Ne7+ Kf8 17. Nxc6 Re8
18. Nce5 $14) 15. Nxe4 dxe4 16. Bxe4 Rb8 {0h58-0h26} (16... Bb7 17. Qc2 Nf6 18.
cxb6 $1 Nxe4 19. Qxe4 Qa2 20. Ng5 $1 f5 (20... Qxd2 21. Qxh7+ Kf8 22. Qh8+ Ke7
23. Qxg7 Rf8 24. Qe5 $18) 21. Qxe6+ Qxe6 22. Nxe6 Rd7 23. Nc5 Rf7 24. Rc1 $16)
17. Bxh7+ $1 {Thématique mais combiner ce coup avec le sacrifice de qualité
fait rentrer la partie dans une dimension supérieure !} (17. Bxc6 $14 {était
jouable mais évidemment moins fort.}) 17... Kxh7 18. Ng5+ Kg8 (18... Kg6 19.
Qg4 (19. Qf3 $143) 19... f5 20. Qg3 Kf6 (20... Re8 21. Nxe6+ $18) 21. d5 $1 {
calculé par Aronian} (21. Qh4 $16) 21... cxd5 (21... exd5 22. Qd6+ Kxg5 23. e4+
Kh5 24. Qf4 {mate}) 22. c6 $1 $18 {[%cal Gf1c1,Gd2c3,Gc6c7] menace c7, Tc1-Fc3.
}) 19. Qh5 Nf6 {Forcé.} (19... Nf8 20. Qxf7+ Kh8 21. Qe7 Bd7 22. Nf7+) 20.
Qxf7+ Kh8 21. Qc7 $1 Bd7 22. Nf7+ Kh7 23. Nxd8 {Mais les Noirs vont gagner le
Cavalier !} Rc8 24. Qxb6 Nd5 25. Qa7 Rxd8 26. e4 Qd3 $5 (26... Nf6 27. Bg5 Qxb4
$1 28. e5 Kg6 29. h4 $1 Qxd4 30. exf6 gxf6 31. Qb6 $1 Bc8 32. Be3 Qd5 $14 {
léger avantage blanc mais compliqué.}) 27. exd5 $1 (27. Bg5 $2 Qxe4 $3 (27...
Nf6 $2 28. Bxf6 gxf6 29. Qc7 $18) 28. Bxd8 Nf4 29. f3 Qe2 30. Rf2 Qe1+ 31. Rf1
Ne2+ 32. Kh1 Qxf1#) 27... Qxd2 28. Qc7 Qg5 29. dxc6 (29. d6 $5) 29... Bc8 30.
h3 {Quatre pions pour la pièce, et un Roi mieux sécurisé. Pas si simple
d'avancer b4 ou d4 cependant.} Qd5 31. Rd1 e5 $2 {Carlsen craque finalement.
Après avoir été sous grosse pression, et manquant de temps. Le coup semble
gagner d4...} (31... Rf8 $142 $1 32. Rd3 $14 {les Noirs conservent de bonnes
contre-chances.} (32. Qd6 Qb3 $1 33. Rd2 Qxb4 34. Qxf8 Qxd2 35. Qxc8 Qc1+ 36.
Kh2 Qf4+ {perpétuel classique}) 32... Qe4 33. Rg3 Qxd4 $13) 32. Rd3 (32. Qe7
$16) 32... exd4 (32... e4 33. Rg3 Qxd4 34. Rxg7+ $1 Qxg7 35. Qxd8 Qa1+ 36. Kh2
Qe5+ 37. g3 Qf5 38. Qh4+ $1 Kg6 39. g4 $1 $16 {devrait gagner}) 33. Qe7 $1 {
Menace Tg3 comme on va le voir.} (33. Rg3 Rg8 $1) 33... Bf5 $2 (33... Rg8 34.
Qh4+ Kg6 35. Rxd4 $18) 34. Rg3 Bg6 (34... Rg8 35. Qh4#) 35. Qh4+ {Abandon.
Splendide partie d'Aronian qui a ensuite gagné le tournoi avec un point
d'avance.} (35. Qh4+ Kg8 (35... Bh5 36. Rg5 $18) 36. Rxg6 d3 37. Qf6 $18) 1-0